01758 a2200301 4500003000500000005001700005010001600022020001500038040000900053082001700062100002500079245008600104260003700190300003600227490004400263505051600307650005200823650003400875650005000909700003400959810004600993856009601039856008801135856007401223942001301297999001901310952012701329Nust20221007164231.0 a 99047335 a0780353536 cNust00a658.0546,CHE1 aChen, Graham,99951210aIntegrated telecommunications management solutions /cGraham Chen, Qinzheng Kong. aNew York :bIEEE Press,cc 2000. axvii, 261 p. :bill. ;c26 cm.1 aIEEE Press series on network management a Challenge of Integrated Business Management Solutions. (Page-1), TMN Overview. (Page-9), OSI for TMN Network Management. (Page-27), Telco Business Process Reengineering. (Page-47), Migrating to Distributed Systems. (Page-63), Building CORBA-Based TMN Applications. (Page-87), Integration Requirements. (Page-109), Integration Approaches. (Page-121), Generic Object Model. (Page-147), Integrated Management Architecture. (Page-175), Building Integrated Management Solutions. (Page-205), Conclusions. (Page-239). 0aBusiness enterprisesxComputer networks.999504 0aTelecommunication Engineering 0aTelecommunication systemsxManagement.9956651 aKong, Qinzheng,d1957-9995132 aIEEE series on network management.999514423Contributor biographical informationuhttp://www.loc.gov/catdir/bios/wiley043/99047335.html423Publisher descriptionuhttp://www.loc.gov/catdir/description/wiley036/99047335.html423Table of Contentsuhttp://www.loc.gov/catdir/toc/onix07/99047335.html cREF2ddc c178806d178806 00102ddc4070aMCSbMCScREFd2016-12-12o658.0546,CHEpMCS31846r2016-12-08w2016-12-12yREFzAlmirah No.24, Shelf No.4